Govt. of
Madhya Pradesh

Rural Artisans and Modernization (Record no. 3298)

MARC details
000 -LEADER
fixed length control field 004440000a22001810004500
003 - CONTROL NUMBER IDENTIFIER
control field MACL
005 - DATE AND TIME OF LATEST TRANSACTION
control field 20150825132259.0
008 - FIXED-LENGTH DATA ELEMENTS--GENERAL INFORMATION
fixed length control field 150825b xxu||||| |||| 00| 0 eng d
040 ## - CATALOGING SOURCE
Original cataloging agency MACL
Transcribing agency MACL
041 ## - LANGUAGE CODE
Language code of text/sound track or separate title English
082 ## - DEWEY DECIMAL CLASSIFICATION NUMBER
Classification number 700/JAN
100 ## - MAIN ENTRY--PERSONAL NAME
Personal name Jani, V.A.
9 (RLIN) 7313
245 ## - TITLE STATEMENT
Title Rural Artisans and Modernization
260 ## - PUBLICATION, DISTRIBUTION, ETC. (IMPRINT)
Name of publisher, distributor, etc. Illustrated Books Publishers
Place of publication, distribution, etc. Jaipur
Date of publication, distribution, etc. 1994
350 ## - PRICE (NR) (BK AM CF MU VM SE) [OBSOLETE]
Price 195
650 ## - SUBJECT ADDED ENTRY--TOPICAL TERM
Topical term or geographic name as entry element Arts
9 (RLIN) 7314
942 ## - ADDED ENTRY ELEMENTS (KOHA)
Koha item type Books
Call number prefix 700
Source of classification or shelving scheme
Holdings
Withdrawn status Lost status Source of classification or shelving scheme Damaged status Not for loan Home library Current library Date acquired Cost, normal purchase price Total Checkouts Full call number Barcode Date last seen Uniform Resource Identifier Price effective from Koha item type
          MACL MACL 15/04/2015 195.00   700JAN CRE008338 02/05/2024 3280 15/04/2015 Books